| 000 | 01327nkc a2200265za 4500 | ||
|---|---|---|---|
| 001 | 84434 | ||
| 003 | OSt | ||
| 005 | 20260420150908.0 | ||
| 007 | kh boc | ||
| 008 | 250409s18801960sp ||||| |||| 00| i|spa d | ||
| 040 |
_cM-RABA _aM-RABA _bspa |
||
| 245 | 0 |
_a[Trascoro de la Catedral de Ávila] _h[Material gráfico] |
|
| 260 | _c[ca. 1880 - 1960] | ||
| 300 |
_a2 fotografías _b: gelatina de plata _c; imagen 24,7 x 18 cm _c; soporte secundario 26,2 x 20 cm |
||
| 500 | _aConjunto de dos fotografías que muestran parte del trascoro renacentista de la Catedral de Ávila, realizado por los escultores Juan Rodríguez y Lucas Giraldo. | ||
| 500 | _aAl verso, ms. a lápiz: “Trascoro de la Catedral de Ávila. Cliché del Dr. Hernández Brior” | ||
| 500 | _aFechas tomadas del uso dominante de la técnica. | ||
| 610 | 2 | 7 |
_aCatedral de Ávila (España) _937668 |
| 651 | 7 |
_aAvila _974747 |
|
| 655 | 0 |
_aFotografías de monumentos _9111580 |
|
| 852 | _jFot-574 ; Fot-575 | ||
| 856 |
_3Fot-574 _uhttps://archivoybiblioteca.realacademiabellasartessanfernando.com/cgi-bin/koha/opac-retrieve-file.pl?id=799cb32b1b4cdf827eb6433e1ad4b326 |
||
| 856 |
_3Fot-575 _uhttps://archivoybiblioteca.realacademiabellasartessanfernando.com/cgi-bin/koha/opac-retrieve-file.pl?id=052e0804dfbb1b81d1cb74b1004dcb4d |
||
| 942 |
_2ddc _cFOTOGRAFÍA _n0 |
||
| 999 |
_c84434 _d84434 |
||